000 01001nam a2200217 i 4500
001 88682
003 ES-MaACL
005 20250725062535.0
007 t|
008 050105m19661986sp ||||1| spa d
100 1 _aLandau, L.
_969930
245 1 0 _aCurso de Física teórica /
_cL.D. Landau, E.M. Lifshitz ; [versión española, Ramón Ortiz Fornaguera].
260 _aBarcelona, etc. :
_bReverté,
_c1966-86.
300 _a10 v. :
_bil. ;
_c22 cm.
505 8 _aContiene: V. I: Mecánica. -- V. II: Teoría clásica de campos. -- V. III: Mecánica cuántica no-relativista. -- V. IV: Teoría cuántica relativista. -- V. V: Física estadística. -- V. VI: Mecánica de fluidos. -- V. VI: Teoría de la elasticidad. -- V. VIII: Electrodinámica de los medios continuos. -- V. IX: Física estadística
650 0 7 _aFísica
_2embne
_912877
700 1 _aLifshitz, E.
_972267
700 1 _aOrtiz Fornaguera, Ramón.
_987616
852 _aES-MaACL
_jL-10192-201
_bR.59742
999 _c88682
_d88682